| 000 | 01504cam a2200313 i 4500 | ||
|---|---|---|---|
| 001 | 17968637 | ||
| 003 | NUST-PNEC | ||
| 005 | 20170116180655.0 | ||
| 008 | 131211s2014 nju 001 0 eng | ||
| 010 | _a 2013043112 | ||
| 020 | _a9781118674369 (pbk.) | ||
| 040 |
_aDLC _beng _cDLC _erda _dDLC |
||
| 042 | _apcc | ||
| 050 | 0 | 0 |
_aT58.5 _b.R35 2014 |
| 082 | 0 | 0 | _a658.403 RAI |
| 100 | 1 |
_aRainer, R. Kelly, _cJr., _d1949- _eauthor. |
|
| 245 | 1 | 0 |
_aIntroduction to information systems : _bsupporting and transforming business / _cR. Kelly Rainer Jr., Brad Prince, Casey Cegielski |
| 250 | _aFifth edition. | ||
| 260 |
_bJohn Wiley & Sons _cc.2014 |
||
| 300 |
_axv, 513 pages ; _c26 cm _bIll. : |
||
| 500 | _aIncludes index. http://www.amazon.com/Introduction-Information-Systems-Kelly-Rainer/dp/1118674367/ref=sr_1_1?s=books&ie=UTF8&qid=1405922277&sr=1-1&keywords=9781118674369 | ||
| 650 | 0 |
_aInformation technology. _xMIS _91798 |
|
| 700 | 1 |
_aPrince, Brad, _d1978- _eauthor. |
|
| 700 | 1 |
_aCegielski, Casey G., _eauthor. |
|
| 776 | 0 | 8 |
_iOnline version: _aRainer, R. Kelly, Jr., 1949- author. _tIntroduction to information systems _bFifth edition / R. Kelly Rainer Jr., Brad Prince, Casey Cegielski ; with contributions by Alina M. Chircu, Bentley University, Marco Marabelli, Bentley University. _dHoboken, NJ : John Wiley and Sons, Inc., 2014 _z9781118802281 _w(DLC) 2013049409 |
| 906 |
_a7 _bcbc _corignew _d1 _eecip _f20 _gy-gencatlg |
||
| 942 |
_2ddc _cBK |
||
| 999 |
_c60352 _d60352 |
||